000 00974nam a22002537a 4500
003 URS
005 20240416235339.0
008 240416b |||||||| |||| 00| 0 eng d
050 0 0 _aLG 221.R59 H3491
_b2018
100 1 _aMONGAYA, MARY V.
_eResearcher
245 1 0 _aHealth and wellness program of mortotrade main branch
_cMARY V. MONGAYA [et...al]
260 1 _c2018
300 _aviii, 63 leaves
_billustrations
_c28cm
336 _2rdacontent
_atext
337 _2rdamedia
_aunmediated
338 _2rdacarrier
_avolume
502 _aUndergraduate Thesis
_bBachelor of Science in Business Administration Major in Human Resources Development Management
_cUniversity of Rizal System, Rodriguez, Rizal
_d2018
600 _2Implementation-Health and Wellness Program
700 _aRACAL, JOHN MAR R.
_eResearcher
700 _aATIBAGOS, IZAGANI Z.
_eResearcher
700 _aPAUSANG, RHEA MAE F.
_eResearcher
700 _aINARDA, ANALYN V.
_eAdviser
942 _2lcc
_cT
999 _c78070
_d78069